Normal view MARC view
  • Customs administration

Entry Topical Term

Number of records used in: 1

001 - CONTROL NUMBER

  • control field: 635

003 - CONTROL NUMBER IDENTIFIER

  • control field: OSt

005 - DATE AND TIME OF LATEST TRANSACTION

  • control field: 20170503094556.0

008 - FIXED-LENGTH DATA ELEMENTS

  • fixed length control field: 170503|| aca||aabn | a|a d

040 ## - CATALOGING SOURCE

  • Original cataloging agency: OSt
  • Transcribing agency: OSt

150 ## - HEADING--TOPICAL TERM

  • Topical term or geographic name entry element: Customs administration
  • General subdivision: Law and legislation
  • Geographic subdivision: Malaysia

670 ## - SOURCE DATA FOUND

  • Source citation: Work cat.: (OSt): Malaysia jurisdiction governed 400, Akta Kastam 1967: , 2013
Pusat Sumber Maklumat Dato' Haji Sarmin Md Hussin, Akademi Kastam Diraja Malaysia, Melaka
Tel: 06-2331106 | Faks: 06-2313787